[Event "Caplin British Online-ch Women 2020"]
[Site "Online"]
[Date "2020.12.27"]
[Round "4.9"]
[White "GAH21"]
[Black "hannahlor"]
[Result "0-1"]
[WhiteElo "1545"]
[BlackElo "1606"]
[Annotator "NA RC"]
[PlyCount "104"]
[EventDate "2020.12.21"]
[EventType "swiss"]
[EventCountry "NET"]
[SourceTitle "playchess.com"]
[Source "ChessBase"]
[SourceQuality "1"]

1. e4 {[%emt 0:00:03]} e6 {[%emt 0:00:09]} 2. d4 {[%emt 0:00:02]} d5 {[%emt 0:00:12]} 3. exd5 {[%emt 0:00:07]} exd5 {[%emt 0:00:02]} 4. Nf3 {[%emt 0:00:02]} Nf6 {[%emt 0:00:05]} 5. Bd3 {[%emt 0:00:04]} Bg4 {[%emt 0:00:08]} 6. h3 {[%emt 0:00:31]} Bh5 {[%emt 0:00:09]} 7. O-O {[%emt 0:00:56]} Be7 {[%emt 0:00:26]} 8. Bf4 {[%emt 0:01:19]} O-O {[%emt 0:00:22]} 9. Nbd2 {[%emt 0:00:27]} Nbd7 {[%emt 0:00:28]} 10. Re1 {[%emt 0:00:52]} Re8 {[%emt 0:00:05]} 11. Nf1 {[%emt 0:00:41]} Nf8 {[%emt 0:00:10]} 12. Ng3 {[%emt 0:00:22]} Bg6 {[%emt 0:01:26]} 13. Nf5 {[%emt 0:02:22]} Ne6 {[%emt 0:09:41]} 14. Nxe7+ {[%emt 0:01:32]} Rxe7 {[%emt 0:00:08]} 15. Be5 {[%emt 0:02:00]} Nh5 {[%emt 0:03:11]} 16. Bxg6 {[%emt 0:01:09]} hxg6 {[%emt 0:00:18]} 17. Qd2 {[%emt 0:00:40]} Nf6 {[%emt 0:01:26]} 18. Bxf6 {[%emt 0:01:20]} gxf6 {[%emt 0:00:13]} 19. Nh2 {[%emt 0:02:06]} f5 {[%emt 0:03:43]} 20. Nf3 {[%emt 0:00:38]} Kg7 {[%emt 0:01:11]} 21. c3 {[%emt 0:01:30]} Qd6 {[%emt 0:01:18]} 22. Re2 {[%emt 0:01:29]} Rae8 {[%emt 0:01:18]} 23. Rae1 {[%emt 0:00:11]} b6 {[%emt 0:01:30]} 24. Re5 {[%emt 0:07:00]} f6 {[%emt 0:02:07]} 25. R5e3 {[%emt 0:01:09]} Ng5 {[%emt 0:03:40]} 26. Nxg5 {[%emt 0:01:34]} fxg5 {[%emt 0:00:12]} 27. Rxe7+ {[%emt 0:00:14]} Rxe7 {[%emt 0:00:03]} 28. Rxe7+ {[%emt 0:00:09]} Qxe7 {[%emt 0:00:03]} 29. Kf1 {[%emt 0:00:18]} Kf6 {[%emt 0:01:23]} 30. Qe2 {[%emt 0:00:34]} Qe4 {[%emt 0:03:53]} 31. Qxe4 {[%emt 0:00:57]} dxe4 {[%emt 0:00:03]} 32. Ke2 {[%emt 0:00:07]} f4 {[%emt 0:00:19]} 33. c4 {[%emt 0:00:50]} Ke6 {[%emt 0:01:07]} 34. b4 {[%emt 0:03:19]} b5 {[%emt 0:02:58]} 35. d5+ {[%emt 0:04:00]} Ke5 {[%emt 0:01:13]} 36. c5 {[%emt 0:00:43]} Kxd5 {[%emt 0:00:20]} 37. f3 {[%emt 0:00:13]} e3 {[%emt 0:01:19]} 38. Kd3 {[%emt 0:00:06]} Ke5 {[%emt 0:00:34]} 39. a3 {[%emt 0:01:30]} Kd5 {[%emt 0:00:26]} 40. Kc3 {[%emt 0:00:19]} e2 {[%emt 0:02:22]} 41. Kd2 {[%emt 0:00:21]} Kc4 {[%emt 0:00:03]} 42. Kxe2 {[%emt 0:00:05]} Kb3 {[%emt 0:00:01]} 43. Kd3 {[%emt 0:00:31]} Kxa3 {[%emt 0:00:01]} 44. Kc3 {[%emt 0:00:31]} c6 {[%emt 0:00:04]} 45. Kd4 {[%emt 0:00:38]} Kxb4 {[%emt 0:00:09]} 46. Ke5 {[%emt 0:00:09]} a5 {[%emt 0:00:12]} 47. Kf6 {[%emt 0:00:10]} a4 {[%emt 0:00:02]} 48. Kxg6 {[%emt 0:00:02]} a3 {[%emt 0:00:07]} 49. Kxg5 {[%emt 0:00:03]} a2 {[%emt 0:00:02]} 50. h4 {[%emt 0:00:07]} a1=Q {[%emt 0:00:03]} 51. h5 {[%emt 0:00:18]} Qg7+ {[%emt 0:00:32]} 52. Kxf4 {[%emt 0:00:42]} Qxg2 {[%emt 0:00:04]} 0-1

[Event "Caplin British Online-ch Women 2020"]
[Site "Online"]
[Date "2020.12.28"]
[Round "5.1"]
[White "Varney, Zoe"]
[Black "KetiGrant"]
[Result "0-1"]
[WhiteElo "1917"]
[BlackElo "2379"]
[Annotator "TA"]
[PlyCount "98"]
[EventDate "2020.12.21"]
[EventType "swiss"]
[EventCountry "NET"]
[SourceTitle "playchess.com"]
[Source "ChessBase"]
[SourceQuality "1"]

{[%evp 15,98,30,28,16,10,6,6,-8,-4,-8,-4,-5,-2,-6,-7,-12,0,-6,19,14,10,3,10,10,19,9,24,23,25,28,52,18,23,25,35,0,0,0,0,0,0,0,0,0,0,0,0,-189,-173,-185,-196,-514,0,-377,-345,-5093,-4868,-29973,-29954,-29980,-29981,-29981,-29982,-29982,-29982,-29981,-29982,-29982,-29983,-29983,-29984,-29985,-29986,-29986,-29987,-29987,-29988,-29992,-29993,-29993,-29994,-29994,-29990,-29990,-29991]} 1. e4 c5 2. c3 d5 3. exd5 Qxd5 4. d4 Nf6 5. Nf3 e6 6. Na3 Qd8 7. Bf4 Nc6 8. dxc5 Nd5 9. Bd6 {B22: Sicilian: 2 c3.} Bxd6 10. cxd6 Qxd6 11. Nb5 {The position is equal.} Qe7 12. c4 {[#]} a6 $1 13. cxd5 exd5+ 14. Be2 {Strongly threatening Nc3.} axb5 15. O-O O-O 16. Bxb5 {[#]} Bg4 $146 ({Predecessor:} 16... Qb4 17. Qxd5 Be6 18. Qh5 Bg4 19. Qh4 Qxb5 20. Qxg4 Qxb2 21. Rab1 Qxa2 22. Rxb7 {½-½ (22) Jicman,L (2220)-Grosch,M (2220) Balatonfured 1987}) 17. h3 $36 {[%mdl 2048] White has good play.} Bxf3 18. Qxf3 Nd4 19. Qd3 {[%cal Rd3d4]} ({Much weaker is} 19. Qxd5 Rad8 $17) 19... Qb4 {[#]} (19... Nxb5 {seems wilder.} 20. Qxb5 Rfd8 21. Rad1 Qf6 22. Rd2 h6) 20. a3 $1 Qxb5 ({But not} 20... Qxb2 $2 21. Rfb1 $18) 21. Qxd4 Rac8 22. Rfd1 Rc2 23. Rd2 Rfc8 24. Rad1 h6 25. Rxc2 (25. b4 {keeps more tension.} Rxd2 26. Rxd2 Rd8 27. Rc2 Qa6 28. Rc3) 25... Rxc2 26. Rd2 (26. Qe5 {is interesting.} Qxb2 27. Qe8+ Kh7 28. Qxf7 Rc1 29. Qf5+) 26... Rxd2 27. Qxd2 $11 {[%mdl 4096] Endgame KQ-KQ} Qc4 28. f3 Kf8 29. Kf2 Ke7 30. Qe2+ Kd6 31. Qxc4 $2 {White is on the road to losing.} (31. Qe8 $11) 31... dxc4 {KP-KP} 32. Ke3 Kd5 33. f4 $2 (33. h4) 33... b5 $2 ({Black should try} 33... f5 $19 34. a4 h5) 34. g3 $2 {[%mdl 8192]} (34. f5 $11) 34... f5 35. g4 $2 {[#]} (35. h4 h5 36. Kd2) 35... g6 $1 $19 36. g5 {[#]} h5 $1 {[%cal Rh5h4] Black mates.} 37. h4 Kc5 38. Kd2 Kd4 39. Kc2 Ke4 40. Kc3 Kxf4 41. Kb4 Kg3 42. Kxb5 f4 43. a4 f3 44. a5 f2 45. a6 f1=Q 46. a7 c3+ 47. Kb6 Qf2+ 48. Kb7 Qxa7+ {[%mdl 64] Promotion} 49. Kxa7 cxb2 {Weighted Error Value: White=0.59/Black=0.13} 0-1

[Event "Caplin British Online-ch Women 2020"]
[Site "Online"]
[Date "2020.12.28"]
[Round "5.1"]
[White "Varney, Zoe"]
[Black "Arakhamia-Grant, Ketevan"]
[Result "0-1"]
[WhiteElo "1917"]
[BlackElo "2380"]
[Annotator "TA"]
[PlyCount "98"]
[EventDate "2020.12.21"]
[EventType "swiss"]
[EventCountry "NET"]
[SourceTitle "playchess.com"]
[Source "ChessBase"]
[SourceQuality "1"]

{[%evp 15,98,30,11,6,8,0,12,0,0,0,-1,-3,-6,-9,-4,-4,-10,-4,10,8,5,5,20,14,21,19,25,25,37,34,56,16,24,30,37,0,0,0,0,0,0,0,0,0,0,0,0,-204,-194,-204,-189,-533,0,-357,-284,-5189,-4133,-29972,-29973,-29979,-29979,-29979,-29980,-29980,-29981,-29981,-29982,-29982,-29983,-29983,-29984,-29985,-29986,-29986,-29987,-29987,-29988,-29992,-29993,-29993,-29994,-29994,-29990,-29990,-29991]} 1. e4 c5 2. c3 d5 3. exd5 Qxd5 4. d4 Nf6 5. Nf3 e6 6. Na3 Qd8 7. Bf4 Nc6 8. dxc5 Nd5 9. Bd6 {B22: Sicilian: 2 c3.} (9. Bg3 {with more complications.} Bxc5 10. Nc4 O-O 11. a4 Nce7 12. b4) 9... Bxd6 10. cxd6 Qxd6 11. Nb5 {The position is equal.} Qe7 12. c4 a6 13. cxd5 exd5+ 14. Be2 {Hoping for Nc3.} axb5 15. O-O O-O 16. Bxb5 {[#]} Bg4 $146 ({Predecessor:} 16... Qb4 17. Qxd5 Be6 18. Qh5 Bg4 19. Qh4 Qxb5 20. Qxg4 Qxb2 21. Rab1 Qxa2 22. Rxb7 {½-½ (22) Jicman,L (2220)-Grosch,M (2220) Balatonfured 1987}) 17. h3 $36 {[%mdl 2048] White has some pressure.} Bxf3 18. Qxf3 Nd4 19. Qd3 {[%cal Rd3d4]} ({Of course not} 19. Qxd5 Rad8 $17) 19... Qb4 {[#]} 20. a3 $1 Qxb5 ({Wrong is} 20... Qxb2 $2 21. Rfb1 $18) 21. Qxd4 Rac8 22. Rfd1 Rc2 23. Rd2 Rfc8 24. Rad1 h6 25. Rxc2 Rxc2 26. Rd2 (26. b4 {looks sharper.} Qe2 27. a4 Rc4 28. Qxd5 Rxb4 29. Rc1) 26... Rxd2 27. Qxd2 $11 {[%mdl 4096] Endgame KQ-KQ} Qc4 28. f3 Kf8 29. Kf2 Ke7 30. Qe2+ Kd6 31. Qxc4 $2 {White is now going downhill.} (31. Qe8 $11 {and White stays safe.}) 31... dxc4 {KP-KP} 32. Ke3 {[#]} Kd5 33. f4 $2 (33. h4 {is more resistant.}) 33... b5 $2 ({Black should try} 33... f5 $19 {aiming for ...b6.} 34. a4 h5) 34. g3 $2 {[%mdl 8192]} (34. Kd2 $11 {and White has nothing to worry.}) 34... f5 35. g4 $2 (35. h4 h5 36. Kd2) 35... g6 $19 36. g5 {[#]} h5 $1 {[%cal Rh5h4] Black mates.} 37. h4 Kc5 38. Kd2 Kd4 39. Kc2 Ke4 40. Kc3 Kxf4 41. Kb4 Kg3 42. Kxb5 f4 43. a4 f3 44. a5 f2 45. a6 f1=Q 46. a7 c3+ 47. Kb6 Qf2+ 48. Kb7 Qxa7+ {[%mdl 64] Promotion} 49. Kxa7 cxb2 {Weighted Error Value: White=0.60/Black=0.14} 0-1

[Event "Caplin British Online-ch Women 2020"]
[Site "Online"]
[Date "2020.12.28"]
[Round "5.2"]
[White "Eliteplayer3"]
[Black "Arora, Tashika"]
[Result "0-1"]
[WhiteElo "1584"]
[BlackElo "1744"]
[Annotator "NA"]
[PlyCount "78"]
[EventDate "2020.12.21"]
[EventType "swiss"]
[EventCountry "NET"]
[SourceTitle "playchess.com"]
[Source "ChessBase"]
[SourceQuality "1"]

1. e4 {[%emt 0:00:02]} c5 {[%emt 0:00:04]} 2. Nf3 {[%emt 0:00:09]} d6 {[%emt 0:00:02]} 3. d4 {[%emt 0:00:09]} cxd4 {[%emt 0:00:01]} 4. Nxd4 {[%emt 0:00:07]} Nf6 {[%emt 0:00:02]} 5. Nc3 {[%emt 0:00:07]} g6 {[%emt 0:00:03]} 6. f4 {[%emt 0:00:23]} Nc6 {[%emt 0:00:04]} 7. Nxc6 {[%emt 0:00:49]} bxc6 {[%emt 0:00:04]} 8. e5 {[%emt 0:00:42]} Nd7 {[%emt 0:00:04]} 9. exd6 {[%emt 0:00:50]} exd6 {[%emt 0:00:03]} 10. Be3 {[%emt 0:00:52]} Be7 {[%emt 0:00:09]} 11. Qf3 {[%emt 0:01:22]} d5 {[%emt 0:03:51]} 12. Bd3 {[%emt 0:02:52]} Rb8 {[%emt 0:00:54]} 13. Qe2 {[%emt 0:04:48]} O-O {[%emt 0:01:27]} 14. O-O {[%emt 0:01:52]} Re8 {[%emt 0:01:12]} 15. Qf2 {[%emt 0:01:53]} Bd6 {[%emt 0:00:31]} 16. Kh1 {[%emt 0:00:45]} Nb6 {[%emt 0:02:27]} 17. f5 {[%emt 0:01:09]} Be5 {[%emt 0:09:20]} 18. fxg6 {[%emt 0:01:16]} fxg6 {[%emt 0:00:32]} 19. Bh6 {[%emt 0:04:30]} Be6 {[%emt 0:04:22]} 20. h4 {[%emt 0:03:56]} Qc7 {[%emt 0:01:18]} 21. h5 {[%emt 0:01:54]} Bg7 {[%emt 0:03:42]} 22. Bf4 {[%emt 0:01:13]} Be5 {[%emt 0:01:05]} 23. hxg6 {[%emt 0:00:54]} hxg6 {[%emt 0:00:38]} 24. Bxg6 {[%emt 0:02:32]} Rf8 {[%emt 0:01:30]} 25. Bxe5 {[%emt 0:02:16]} Qxe5 {[%emt 0:00:07]} 26. Qh4 {[%emt 0:00:52]} Qg7 {[%emt 0:00:33]} 27. Qh5 {[%emt 0:01:24]} Nc4 {[%emt 0:01:03]} 28. b3 {[%emt 0:02:53]} Ne3 {[%emt 0:05:16]} 29. Rfe1 {[%emt 0:01:14]} Rf6 {[%emt 0:01:25]} 30. Qh7+ {[%emt 0:02:53]} Qxh7+ {[%emt 0:00:09]} 31. Bxh7+ {[%emt 0:00:01]} Kxh7 {[%emt 0:00:01]} 32. Rxe3 {[%emt 0:00:03]} d4 {[%emt 0:00:12]} 33. Rg3 {[%emt 0:03:06]} dxc3 {[%emt 0:00:04]} 34. Rxc3 {[%emt 0:00:02]} Bd5 {[%emt 0:00:03]} 35. Kg1 {[%emt 0:00:55]} Rg8 {[%emt 0:00:10]} 36. g3 {[%emt 0:00:09]} Rh6 {[%emt 0:00:11]} 37. Kf2 {[%emt 0:00:53]} Rh2+ {[%emt 0:00:07]} 38. Ke3 {[%emt 0:00:05]} Rxg3+ {[%emt 0:00:05]} 39. Kd4 {[%emt 0:00:04]} Rh4+ {[%emt 0:00:02]} 0-1

[Event "Caplin British Online-ch Women 2020"]
[Site "Online"]
[Date "2020.12.28"]
[Round "5.3"]
[White "Emelianova, Maria"]
[Black "Ciuksyte, Dagne"]
[Result "0-1"]
[WhiteElo "2113"]
[BlackElo "2294"]
[Annotator "TA"]
[PlyCount "92"]
[EventDate "2020.12.21"]
[EventType "swiss"]
[EventCountry "NET"]
[SourceTitle "playchess.com"]
[Source "ChessBase"]
[SourceQuality "1"]

{[%evp 16,92,-14,-22,-17,-29,-18,-29,-34,-22,-31,-14,0,-64,-69,-63,-69,-62,-57,-56,-56,-85,-40,-54,-39,-73,-66,-68,0,0,0,-54,-43,-40,-58,-28,-42,-40,-49,-50,-48,-83,-83,-105,-10,-545,-522,-505,-318,-302,-280,-530,-260,-246,0,-133,-89,-265,-58,-62,0,0,0,0,0,-12836,-12836,-12836,-12836,-12835,-12836,-12837,-12838,-12841,-12842,-12842,-12843,-12841,-12842]} 1. d4 Nf6 2. Nf3 d5 3. Bf4 c5 4. e3 Nc6 5. c3 Qb6 6. Qb3 c4 7. Qc2 Bf5 8. Qc1 h6 9. h3 e6 {D02: 1 d4 d5 2 Nf3 sidelines, including 2...Nf6 3 g3 and 2...Nf6 3 Bf4.} 10. Nbd2 Be7 11. b3 cxb3 {Black has an edge.} 12. axb3 O-O 13. Be2 Rfc8 14. Qb2 {[#]} (14. Qd1 $11) 14... Nb4 $1 $15 {[%cal Rb4c2]} 15. O-O $1 (15. cxb4 $2 Rc2 $17) 15... Nd3 $36 {[%mdl 2048] Black has good play.} 16. Bxd3 Bxd3 17. Rfc1 {[#]} a5 $146 ({Predecessor:} 17... Nd7 18. Ne5 Nxe5 19. Bxe5 a5 20. Qa2 Qa6 21. c4 Bb4 22. c5 b6 23. Bd6 bxc5 24. Bxc5 Bxc5 25. Rxc5 Rxc5 26. dxc5 {½-½ (46) Huschens,M (1989)-Neukirchner,P (2305) Heusenstamm 2018}) 18. Ra2 Qd8 19. Ne5 Bf5 20. Rca1 b5 21. f3 Nd7 (21... Bh7 $15) 22. Nxd7 $11 Qxd7 23. e4 ({White should play} 23. Rxa5 $11 Rxa5 24. Rxa5) 23... Bg6 24. Rxa5 Rxa5 25. Rxa5 dxe4 26. Nxe4 Bxe4 27. fxe4 Qc6 {[%mdl 64] Double Attack} 28. Bd2 b4 {[%cal Rb4c3]} 29. c4 {With the idea Qb1.} Qxe4 (29... Rd8 $1 $17 30. Qb1 Rxd4) 30. Ra7 $2 {[%mdl 8192]} (30. Re5 $11 Qg6 31. Re2) 30... Bf6 $1 $19 {[%cal Rf6d4]} 31. Rd7 Qe2 32. Qc1 Ra8 33. Bxb4 $2 (33. Qe1 {is the only way for White.} Qd3 34. Bxb4) 33... Bg5 (33... Ra2 $142 {[%csl Ga2][%cal Re2g2]} 34. Qf1 Bxd4+ $1 {[%mdl 576] Decoy} 35. Rxd4 Qe3+ {[%mdl 64] Double Attack} 36. Kh2 Qxd4) 34. Qe1 {[#]} Qb2 (34... Be3+ $1 $19 35. Kh2 Bf4+ 36. Kg1 Qd3) 35. Bc3 (35. Qf2 $11 {was the only way to keep the balance.} Qc1+ 36. Qe1) 35... Qxb3 {...Ra2 is the strong threat.} 36. c5 $2 (36. d5 $17 exd5 37. Rxd5) 36... Qb5 $2 ({Black should try} 36... Qc2 $19 {aiming for ...Ra2.} 37. c6 Ra2) 37. Qe4 $15 Ra3 (37... Rb8 $15 38. Ra7 Qc4) 38. Rb7 $11 Be3+ 39. Kh2 Bf4+ $1 40. g3 $2 {[%mdl 8192]} (40. Kg1 $11 Be3+ 41. Kh2 Bf4+ 42. Kg1 Be3+) 40... Ra2+ $19 {Black is clearly winning.} 41. Kg1 {[#]} Be3+ $1 {[%mdl 576] Deflection} 42. Qxe3 Qxb7 {[%csl Ga2][%cal Rb7g2]} 43. Bd2 Qb2 44. d5 Qxd2 45. Qxd2 Rxd2 46. d6 Kf8 {Weighted Error Value: White=0.66/Black=0.39} 0-1

[Event "Caplin British Online-ch Women 2020"]
[Site "Online"]
[Date "2020.12.28"]
[Round "5.3"]
[White "PhotoChess"]
[Black "Madalien2"]
[Result "0-1"]
[WhiteElo "1709"]
[BlackElo "2205"]
[Annotator "ChessBase"]
[PlyCount "92"]
[EventDate "2020.12.21"]
[EventType "swiss"]
[EventCountry "NET"]
[SourceTitle "playchess.com"]
[Source "ChessBase"]
[SourceQuality "1"]

1. d4 {[%emt 0:00:04]} Nf6 {[%emt 0:00:03]} 2. Nf3 {[%emt 0:00:05]} d5 {[%emt 0:01:06]} 3. Bf4 {[%emt 0:00:16]} c5 {[%emt 0:00:25]} 4. e3 {[%emt 0:02:03]} Nc6 {[%emt 0:00:09]} 5. c3 {[%emt 0:00:58]} Qb6 {[%emt 0:00:08]} 6. Qb3 {[%emt 0:01:20]} c4 {[%emt 0:00:41]} 7. Qc2 {[%emt 0:00:06]} Bf5 {[%emt 0:00:07]} 8. Qc1 {[%emt 0:00:01]} h6 {[%emt 0:00:49]} 9. h3 {[%emt 0:00:31]} e6 {[%emt 0:00:23]} 10. Nbd2 {[%emt 0:03:54]} Be7 {[%emt 0:00:11]} 11. b3 {[%emt 0:01:51]} cxb3 {[%emt 0:00:33]} 12. axb3 {[%emt 0:01:11]} O-O {[%emt 0:00:10]} 13. Be2 {[%emt 0:01:24]} Rfc8 {[%emt 0:00:49]} 14. Qb2 {[%emt 0:00:42]} Nb4 {[%emt 0:08:27]} 15. O-O {[%emt 0:05:15]} Nd3 {[%emt 0:03:54]} 16. Bxd3 {[%emt 0:00:11]} Bxd3 {[%emt 0:00:03]} 17. Rfc1 {[%emt 0:00:06]} a5 {[%emt 0:02:19]} 18. Ra2 {[%emt 0:02:00]} Qd8 {[%emt 0:04:16]} 19. Ne5 {[%emt 0:03:17]} Bf5 {[%emt 0:00:57]} 20. Rca1 {[%emt 0:02:15]} b5 {[%emt 0:01:20]} 21. f3 {[%emt 0:04:03]} Nd7 {[%emt 0:05:15]} 22. Nxd7 {[%emt 0:02:48]} Qxd7 {[%emt 0:00:04]} 23. e4 {[%emt 0:00:31]} Bg6 {[%emt 0:02:35]} 24. Rxa5 {[%emt 0:00:31]} Rxa5 {[%emt 0:00:04]} 25. Rxa5 {[%emt 0:00:02]} dxe4 {[%emt 0:04:30]} 26. Nxe4 {[%emt 0:04:08]} Bxe4 {[%emt 0:00:04]} 27. fxe4 {[%emt 0:00:02]} Qc6 {[%emt 0:00:02]} 28. Bd2 {[%emt 0:04:14]} b4 {[%emt 0:03:20]} 29. c4 {[%emt 0:03:13]} Qxe4 {[%emt 0:00:05]} 30. Ra7 {[%emt 0:01:52]} Bf6 {[%emt 0:00:55]} 31. Rd7 {[%emt 0:00:02]} Qe2 {[%emt 0:01:24]} 32. Qc1 {[%emt 0:00:26]} Ra8 {[%emt 0:00:42]} 33. Bxb4 {[%emt 0:01:25]} Bg5 {[%emt 0:01:15]} 34. Qe1 {[%emt 0:00:01]} Qb2 {[%emt 0:02:24]} 35. Bc3 {[%emt 0:00:07]} Qxb3 {[%emt 0:00:03]} 36. c5 {[%emt 0:00:45]} Qb5 {[%emt 0:01:41]} 37. Qe4 {[%emt 0:00:29]} Ra3 {[%emt 0:00:55]} 38. Rb7 {[%emt 0:00:17]} Be3+ {[%emt 0:00:44]} 39. Kh2 {[%emt 0:00:22]} Bf4+ {[%emt 0:00:04]} 40. g3 {[%emt 0:00:20]} Ra2+ {[%emt 0:00:17]} 41. Kg1 {[%emt 0:00:16]} Be3+ {[%emt 0:00:14]} 42. Qxe3 {[%emt 0:00:20]} Qxb7 {[%emt 0:00:05]} 43. Bd2 {[%emt 0:00:59]} Qb2 {[%emt 0:00:31]} 44. d5 {[%emt 0:00:45]} Qxd2 {[%emt 0:00:08]} 45. Qxd2 {[%emt 0:00:06]} Rxd2 {[%emt 0:00:03]} 46. d6 {[%emt 0:00:04]} Kf8 {[%emt 0:00:07]} 0-1

[Event "Caplin British Online-ch Women 2020"]
[Site "Online"]
[Date "2020.12.28"]
[Round "5.4"]
[White "Smith, Olivia"]
[Black "Kanyamarala, Trisha"]
[Result "0-1"]
[WhiteElo "2012"]
[BlackElo "2180"]
[Annotator "NA"]
[PlyCount "46"]
[EventDate "2020.12.21"]
[EventType "swiss"]
[EventCountry "NET"]
[SourceTitle "playchess.com"]
[Source "ChessBase"]
[SourceQuality "1"]

1. Nf3 {[%emt 0:00:03]} d5 {[%emt 0:00:21]} 2. g3 {[%emt 0:00:05]} Nf6 {[%emt 0:00:37]} 3. Bg2 {[%emt 0:00:04]} e6 {[%emt 0:01:02]} 4. O-O {[%emt 0:00:06]} Be7 {[%emt 0:01:43]} 5. d3 {[%emt 0:00:04]} O-O {[%emt 0:01:22]} 6. Nbd2 {[%emt 0:00:04]} b5 {[%emt 0:02:02]} 7. c4 {[%emt 0:01:37]} a6 {[%emt 0:05:07]} 8. b3 {[%emt 0:00:13]} Bb7 {[%emt 0:01:47]} 9. Bb2 {[%emt 0:00:18]} Nbd7 {[%emt 0:01:29]} 10. Qc2 {[%emt 0:06:35]} c5 {[%emt 0:02:57]} 11. a4 {[%emt 0:02:55]} Qb6 {[%emt 0:05:06]} 12. Rfe1 {[%emt 0:05:45]} Nb8 {[%emt 0:04:28]} 13. e4 {[%emt 0:01:09]} Nc6 {[%emt 0:02:47]} 14. exd5 {[%emt 0:09:57]} exd5 {[%emt 0:00:46]} 15. d4 {[%emt 0:01:08]} cxd4 {[%emt 0:04:41]} 16. Nxd4 {[%emt 0:01:15]} Nxd4 {[%emt 0:01:27]} 17. Bxd4 {[%emt 0:00:04]} Qxd4 {[%emt 0:00:02]} 18. Rxe7 {[%emt 0:00:03]} Qxa1+ {[%emt 0:00:08]} 19. Nf1 {[%emt 0:00:15]} Rab8 {[%emt 0:01:09]} 20. axb5 {[%emt 0:00:11]} axb5 {[%emt 0:00:10]} 21. c5 {[%emt 0:00:18]} Bc6 {[%emt 0:00:49]} 22. Rc7 {[%emt 0:00:18]} Rbc8 {[%emt 0:00:17]} 23. Re7 {[%emt 0:00:07]} Rfe8 {[%emt 0:00:08]} 0-1

[Event "Caplin British Online-ch Women 2020"]
[Site "Online"]
[Date "2020.12.28"]
[Round "5.4"]
[White "Livvy"]
[Black "secretsuperstar7"]
[Result "0-1"]
[WhiteElo "1910"]
[BlackElo "2023"]
[Annotator "TA"]
[PlyCount "46"]
[EventDate "2020.12.21"]
[EventType "swiss"]
[EventCountry "NET"]
[SourceTitle "playchess.com"]
[Source "ChessBase"]
[SourceQuality "1"]

{[%evp 10,46,0,-16,17,-7,29,-4,-4,-6,15,0,0,-27,-15,-22,0,-26,24,0,3,0,9,-366,-376,-388,-368,-682,-670,-656,-644,-646,-652,-796,-796,-893,-866,-881,-849]} 1. Nf3 d5 2. g3 Nf6 3. Bg2 e6 4. O-O Be7 5. d3 O-O 6. Nbd2 b5 {A07: Réti Opening: New York and Capablanca Systems.} 7. c4 a6 8. b3 Bb7 {The position is equal.} 9. Bb2 Nbd7 10. Qc2 c5 11. a4 Qb6 {[#]} 12. Rfe1 $146 ({Predecessor:} 12. a5 Qc7 13. e4 d4 14. cxb5 axb5 15. Nxd4 Rxa5 16. b4 Rxa1 17. Rxa1 Qb6 18. bxc5 Nxc5 19. N4b3 Rc8 20. Bd4 Nxb3 21. Nxb3 Qd6 22. Qb2 e5 23. Ba7 {0-1 (23) Sameer,L (2190)-Miswadah,B (1985) Hammamet 2020}) 12... Nb8 13. e4 {[#] Threatens to win with exd5.} Nc6 (13... bxc4 {seems wilder.} 14. bxc4 d4 15. Qb3 Qc7 16. Nxd4 cxd4 17. e5 Bxg2 18. exf6 Bxf6 19. Kxg2 Nc6) 14. exd5 exd5 15. d4 cxd4 16. Nxd4 $2 {[%mdl 8192] This costs White the game.} Nxd4 $19 17. Bxd4 Qxd4 18. Rxe7 $2 {[#]} (18. axb5 Bb4 19. bxa6 Rxa6 20. Rxa6 Bxa6 21. Rd1) 18... Qxa1+ {Black is clearly winning.} 19. Nf1 Rab8 20. axb5 axb5 21. c5 Bc6 22. Rc7 Rbc8 23. Re7 Rfe8 {Weighted Error Value: White=0.78/Black=0.13} 0-1